000
00245nam a22001097a 4500
999
_c
260997
_d
260996
020
_a
0439559863
100
_a
Judy Blume
245
_a
Tales of a Fourth Grade Nothing
260
_a
New York
_b
Scholastic
_c
1972
300
_a
120 pgs
942
_c
BK